Prince Claus Fund/ (Record no. 3808)

MARC details
000 -LEADER
campo de control de longitud fija 01591nam a22004937a 4500
003 - IDENTIFICADOR DE NÚMERO DE CONTROL
campo de control OSt
005 - FECHA Y HORA DE LA ÚLTIMA TRANSACCIÓN
campo de control 20230607124308.0
008 - DATOS DE LONGITUD FIJA--INFORMACIÓN GENERAL
campo de control de longitud fija 221006b |||||||| |||| 00| 0 eng d
040 ## - FUENTE DE CATALOGACIÓN
Centro/agencia transcriptor Biblioteca Lado V
082 ## - NÚMERO DE LA CLASIFICACIÓN DECIMAL DEWEY
Número de clasificación 700
Número de ítem V217p
100 ## - ENTRADA PRINCIPAL--NOMBRE DE PERSONA
9 (RLIN) 285
Nombre de persona Van der Plas, Els
Término indicativo de función/relación editor
245 ## - MENCIÓN DEL TÍTULO
Título Prince Claus Fund/
Resto del título Journal #9/
260 ## - PUBLICACIÓN, DISTRIBUCIÓN, ETC.
Lugar de publicación, distribución, etc. Fonds C
Fecha de publicación, distribución, etc. 2003
Nombre del editor, distribuidor, etc. Londres
300 ## - DESCRIPCIÓN FÍSICA
Dimensiones 17x24cm
Extensión 96p.
366 ## - INFORMACIÓN SOBRE DISPONIBILIDAD COMERCIAL
Nota spa
490 ## - MENCIÓN DE SERIE
Mención de serie 9
Designación de volumen o secuencia 2003
Número Internacional Normalizado para Publicaciones Seriadas 1388 5456
505 ## - NOTA DE CONTENIDO CON FORMATO
Título Editorial
505 ## - NOTA DE CONTENIDO CON FORMATO
Título Cultural Hertage vs. War
505 ## - NOTA DE CONTENIDO CON FORMATO
Título Wole Soyinka
505 ## - NOTA DE CONTENIDO CON FORMATO
Título Sixth International Photography Gathering
505 ## - NOTA DE CONTENIDO CON FORMATO
Título Symposium<br/>
505 ## - NOTA DE CONTENIDO CON FORMATO
Título Fernando Arias
505 ## - NOTA DE CONTENIDO CON FORMATO
Título Publicación de Documenta11_Plataforma 2
505 ## - NOTA DE CONTENIDO CON FORMATO
Título Alfredo Jaar
505 ## - NOTA DE CONTENIDO CON FORMATO
Título Tournee Africaine
505 ## - NOTA DE CONTENIDO CON FORMATO
Título Chobi Mela
505 ## - NOTA DE CONTENIDO CON FORMATO
Título Odantalan
505 ## - NOTA DE CONTENIDO CON FORMATO
Título Hamid Reza Sadr
505 ## - NOTA DE CONTENIDO CON FORMATO
Título Adila Laidi
505 ## - NOTA DE CONTENIDO CON FORMATO
Título Obra de Teatro en Tamazight, Rabiaa y Buzeyyan
505 ## - NOTA DE CONTENIDO CON FORMATO
Título Dapo Adeniyi
505 ## - NOTA DE CONTENIDO CON FORMATO
Título Ly Daravuth and Ingrid Muan
505 ## - NOTA DE CONTENIDO CON FORMATO
Título Chris Abani
505 ## - NOTA DE CONTENIDO CON FORMATO
Título Los premios príncipe Claus 2002
505 ## - NOTA DE CONTENIDO CON FORMATO
Título Contributors
505 ## - NOTA DE CONTENIDO CON FORMATO
Título HRH Prince Claus
650 ## - PUNTO DE ACCESO ADICIONAL DE MATERIA--TÉRMINO DE MATERIA
Fuente del encabezamiento o término Tesauro de Arte & Arquitectura
Término de materia o nombre geográfico como elemento de entrada ARTE
9 (RLIN) 703
650 ## - PUNTO DE ACCESO ADICIONAL DE MATERIA--TÉRMINO DE MATERIA
Fuente del encabezamiento o término Tesauro de Arte & Arquitectura
Término de materia o nombre geográfico como elemento de entrada PREMIOS PRINCIPE CLAUS
9 (RLIN) 702
650 ## - PUNTO DE ACCESO ADICIONAL DE MATERIA--TÉRMINO DE MATERIA
Fuente del encabezamiento o término Tesauro de Arte & Arquitectura
Término de materia o nombre geográfico como elemento de entrada ARQUITECTURA
9 (RLIN) 702
650 ## - PUNTO DE ACCESO ADICIONAL DE MATERIA--TÉRMINO DE MATERIA
Fuente del encabezamiento o término Tesauro de Arte & Arquitectura
Término de materia o nombre geográfico como elemento de entrada ARTE CONTEMPORANEO
650 ## - PUNTO DE ACCESO ADICIONAL DE MATERIA--TÉRMINO DE MATERIA
Fuente del encabezamiento o término Tesauro de Arte & Arquitectura
Término de materia o nombre geográfico como elemento de entrada EXPOSICION
700 ## - ENTRADA AGREGADA--NOMBRE PERSONAL
Nombre de persona Navarreta, Jose Antonio
Término indicativo de función/relación editor
942 ## - ELEMENTOS DE ENTRADA SECUNDARIOS (KOHA)
Fuente del sistema de clasificación o colocación Clasificación Decimal Dewey
Tipo de ítem Koha Libros
Parte de la signatura que corresponde a la clasificación (Parte de la clasificación) 700
Parte de la signatura que identifica el ejemplar (Parte del ítem) V217p
Suprimir en OPAC No
Holdings
Estatus retirado Estado de pérdida Fuente del sistema de clasificación o colocación Especificación de materiales (volumen encuadernado u otra parte) Estado de daño No para préstamo Colección Biblioteca de origen Biblioteca actual Fecha de adquisición Enumeración/cronología de publicación seriada Número de inventario Total de préstamos Signatura topográfica completa Código de barras Visto por última vez Precio de reemplazo Tipo de ítem Koha
    Clasificación Decimal Dewey 2003     Revistas Biblioteca LadoV Biblioteca LadoV 07/06/2023 9 002865   700 V217p 002865 07/06/2023 07/06/2023 Libros